Word Ladder:Batman Villains Quiz Stats

 Plays Quiz not verified by Sporcle

Challenge
Share
Tweet
Embed
Score 0/16 Timer 10:00
0 Plays Today
Hint Answer % Correct
Two-(Rung 16) Harvey ____Dent
95.3%
Two-___ Harvey(Rung 1)Face
94.2%
Style without a TSyle
90.7%
Catwoman Selina ___Kyle
90.7%
___slawCole
90.7%
___ndar ManCale
88.4%
Venom Powered villainBane
83.7%
A curveBent
82.6%
Hint Answer % Correct
Green VegetableKale
80.2%
Amazing guy who is extremely handsomeKole
79.1%
Latin for wellBene
77.9%
Auld lang ___Syne
76.7%
Nascar Driver ___ EinhardtDale
73.3%
Amanda ___'sByne
72.1%
In the Minnow FamilyDace
70.9%
A type of samoan houseFale
60.5%

You're not logged in!

Compare scores with friends on all Sporcle quizzes.
OR
Log In

You Might Also Like...

Show Comments

Extras

Created May 14, 2016ReportNominate
Tags:Word Ladder Quiz, Batman

Top Quizzes Today


Score Distribution

Your Account Isn't Verified!

In order to create a playlist on Sporcle, you need to verify the email address you used during registration. Go to your Sporcle Settings to finish the process.

Report this User

Report this user for behavior that violates our Community Guidelines.

Details: